Countries With A Shorter Name Than Their Neighbours - Statistics

General Stats
  • This quiz has been taken 32 times
    8 since last reset
  • The average score is 18 of 20
Answer Stats
# of Borders Country % Correct
1 Canada
100%
6 Chad
100%
3 Gabon
100%
1 Haiti
100%
5 Laos
100%
7 Mali
100%
3 Oman
100%
5 Peru
100%
1 Qatar
100%
5 Spain
100%
1 Brunei
86%
2 Eswatini
86%
1 Ireland
86%
6 Italy
86%
5 Kenya
86%
1 Lesotho
86%
3 Togo
86%
1 Gambia
71%
2 Panama
71%
3 Honduras
43%
No matching quizzes found
Score Distribution
Percent of People with Each Score
Percentile by Number Answered
Your Score History
You have not taken this quiz since the last reset